000 01522cam a22004454i 4500
003 PE-LiUPU
005 20250731173451.0
008 150616s1989 xxu r 000 0 eng d
035 _a(Sirsi) a6475
040 _aPE-LiUPU
_bspa
_cPE-LiUPU
_erda
049 _aPRUA
082 0 4 _a225.61
_bP98
_221
100 1 _aPuskas, Charles B.,
_eautor.
245 1 3 _aAn introduction to the new testament /
_cCharles B. Puskas.
264 1 _aMassachusetts :
_bHendrickson Publishers,
_c1989.
300 _a297 páginas ;
_c233 centímetros
336 _atext
_2rdacontent
337 _aunmediated
_2rdamedia
338 _avolume
_2rdacarrier
505 0 _aThe bacckgrounds of the New Testament -- Methods for interpreting the New Testament -- The formation of early christianity.
526 _aSEG42
526 _aSEG41
526 _aSEG40
526 _aSEG39
526 _aP94
526 _aP87
526 _aP86
526 _aP85
526 _aP77
526 _aP76
526 _aP35
630 0 4 _aBiblia.
_pN.T.
_xIntroducciones.
910 _ajck
_bjvq
_cjck
942 _2ddc
_cBOOK
949 _a225.61 P98
_wDEWEY
_c1
_i39840
_lCCODEBUL1
_mBUL
_p33.00
_r0
_sY
_tBOOK
_u19951117
_xTEOLOGIA
_zUNKNOWN
_0COMPRA
_o.STAFF. Colección Teología
994 _aC0
_bPEPRU
596 _a1
999 _a225.61 P98
_wDEWEY
_c57612
_i39840
_d57612
_f2021-11-9
_g5
_lCCODEBUL1
_mBUL
_q1
_r0
_sY
_tBOOK
_u2015-6-16
_xTEOLOGIA
_zUNKNOWN
_0COMPRA
_o.STAFF. Colección General
980 _81
_gALBERTO SANCHEZ Responsable de Automatización